000 00419pab a2200157 454500
008 180718b2012 xxu||||| |||| 00| 0 eng d
100 _aGatade, Subhash
245 _aSeventy five years of Bhonsala military school: Militarising minds, Hindutvaising the nation
260 _c2012
300 _ap.17-22.
362 _a12 May
650 _aMilitary education
773 _aMainstream
908 _aN
909 _a95662
999 _c95662
_d95662